| 000 | 00463 a2200181 4500 | ||
|---|---|---|---|
| 003 | OSt | ||
| 005 | 20180116182907.0 | ||
| 008 | 160426b xxu||||| |||| 00| 0 eng d | ||
| 020 | _a615361536153 | ||
| 040 | _c0 | ||
| 082 | _a111 | ||
| 100 | _aRogani,Shirisha. | ||
| 110 | _aICFAI | ||
| 245 |
_aMicrosoft's People Problems _cICMR Case Collection |
||
| 260 |
_aIndia _bICFAI Center for Management Research _c2003 |
||
| 300 | _a15p | ||
| 942 |
_aNBS _cCS _k111 _2ddc |
||
| 999 |
_c348003 _d348003 |
||